00586cam a2200181 a 450000100100000000500170001000800410002704000250006808200190009310000380011224500700015026000520022030000210027249000330029365000210032665000230034783000340037000000629420240422104514.0820424s1970 cr 000 p spa d aDO-SdBNPcspadBNPHU aCh861.4bB142d1 aBaeza Flores, Alberto,d1914-199810aDías como años :bpoesía 1942-1970 /cAlberto Baeza Flores. aSan José, Costa Rica :bÉpoca y Ser,c1970. a206 p. ;c17 cm.1 aPoesía de América Latina 4aPoesía chilena 4aLiteratura chilena 0aPoesía de América Latina.